000 00697cam a2200229 a 4500
001 000015644
005 20200929164113.0
008 840830s1965 sp 000 0 spa
040 _aDO-SdBNP
_bspa
_cLC
_dBNPHU
082 _a210
_bB479t, 1965
100 1 _aBenzo Mestre, Miguel.
_935243
245 1 0 _aTeología para universitarios /
_cMiguel Benzo Mestre.
250 _a3a ed.
260 _aMadrid :
_bCristiandad,
_c1965.
300 _a387 p. ;
_c19 cm.
490 1 _aLos Libros del Monograma
610 2 0 _aIGLESIA CATÓLICA
_xDOCTRINAS.
_934287
650 4 _aTeolología dogmatica
_935244
830 0 _aLos Libros del Monograma
_935245
910 _aCatalogación derivada
049 _aBNGR
999 _c15196
_d15196